| 000 | 01688cam a2200373 a 4500 | ||
|---|---|---|---|
| 001 | 15304330 | ||
| 003 | ARRUPE | ||
| 005 | 20160909114412.0 | ||
| 008 | 080523s2009 enk b 001 0 eng | ||
| 010 | _a 2008022235 | ||
| 015 |
_aGBA8B2554 _2bnb |
||
| 016 | 7 |
_a014760993 _2Uk |
|
| 020 | _a9781847065353 (hbk.) | ||
| 020 | _a184706535X (hbk.) | ||
| 020 | _a9781847065360 (pbk.) | ||
| 020 | _a1847065368 (pbk.) | ||
| 035 | _a(OCoLC)ocn230729593 | ||
| 040 |
_aDLC _cDLC _dBTCTA _dBAKER _dOCLCG _dUKM _dYDXCP _dBWKUK _dBWK _dBWX _dCDX _dIXA _dDLC |
||
| 050 | 0 | 0 |
_aBL60 _b.H574 2009 |
| 082 | 0 | 0 |
_a306.6/612709427642 _222 |
| 100 | 1 |
_aHolden, Andrew, _d1964- _925271 |
|
| 245 | 1 | 0 |
_aReligious cohesion in times of conflict : _bChristian-Muslim relations in segregated towns / _cAndrew Holden. |
| 260 |
_aLondon ; _aNew York : _bContinuum, _cc2009. |
||
| 300 |
_axi, 206 p. ; _c25 cm. |
||
| 504 | _aIncludes bibliographical references (p. 194-197) and index. | ||
| 505 | 0 | _aFaith partnerships and community cohesion : setting the scene -- Religious attitudes among young people -- Religious cohesion in schools and colleges -- The spirit of the north : an interfaith initiative for young adults -- Religious leadership in segregated towns : a changing landscape -- Reflections and conclusions. | |
| 650 | 0 |
_aReligion and sociology. _925272 |
|
| 650 | 0 |
_aCommunity life. _925273 |
|
| 650 | 0 |
_aChristianity and other religions _xIslam. _925274 |
|
| 650 | 0 |
_aIslam _xRelations _xChristianity. _925275 |
|
| 906 |
_a7 _bcbc _corignew _d1 _eecip _f20 _gy-gencatlg |
||
| 942 |
_2lcc _cMONOGRAPH |
||
| 999 |
_c125066 _d125066 |
||